[Event "Gibtelecom Masters"]
[Site "Gibraltar"]
[Date "2009.02.02"]
[Round "7.37"]
[White "Chapman, Terry P D"]
[Black "Quillan, Gary"]
[Result "0-1"]
[WhiteElo "2251"]
[BlackElo "2357"]
[PlyCount "140"]
[EventDate "2009.01.27"]

1. Nf3 Nf6 2. g3 e6 3. Bg2 d5 4. O-O Be7 5. b3 c5 6. c4 Nc6 7. e3 O-O 8. Bb2 b6
9. Nc3 Ba6 10. d3 Rc8 11. Qe2 Qd7 12. Rfd1 Rfd8 13. a3 h6 14. Rac1 Bb7 15. h3
Nh7 16. Kh2 d4 17. exd4 Nxd4 18. Nxd4 cxd4 19. Bxb7 Qxb7 20. Qe4 Qd7 21. Ne2
Ng5 22. Qg2 e5 23. f4 exf4 24. gxf4 Bd6 25. h4 Re8 26. Rc2 Ne6 27. Rg1 Qe7 28.
Qf2 Qf6 29. Nxd4 Qxf4+ 30. Qxf4 Bxf4+ 31. Kh3 Be3 32. Nxe6 Bxg1 33. Nxg7 Red8
34. Nf5 Rxd3+ 35. Kg4 Kh7 36. Ne7 Re8 37. Nd5 Bd4 38. Bxd4 Rxd4+ 39. Kf5 Rc8
40. Re2 Rxh4 41. Kf6 Rg4 42. Ne7 Rc5 43. Kxf7 Rf4+ 44. Ke8 Rg5 45. Nd5 Rg8+ 46.
Kd7 Rg7+ 47. Kc6 Rf3 48. b4 h5 49. Rh2 Rf5 50. a4 Kh6 51. a5 bxa5 52. bxa5 Rg4
53. Rc2 h4 54. c5 Rg6+ 55. Kb7 Rf7+ 56. Nc7 Rgg7 57. Kxa7 Rxc7+ 58. Kb6 Rb7+
59. Kc6 Ra7 60. Ra2 Rg6+ 61. Kb5 Rb7+ 62. Kc4 Ra7 63. Kb5 Raa6 64. Rd2 Rae6 65.
Rd5 Rg2 66. Rd4 Kg5 67. Rc4 Rb2+ 68. Ka4 Re1 69. Ka3 Rb5 70. Ka4 Rb8 0-1

[Event "Gibtelecom Masters"]
[Site "Gibraltar"]
[Date "2009.02.02"]
[Round "7.38"]
[White "White, Michael J R"]
[Black "Trent, Lawrence"]
[Result "0-1"]
[WhiteElo "2251"]
[BlackElo "2487"]
[PlyCount "50"]
[EventDate "2009.01.27"]

1. e4 e5 2. Nf3 Nc6 3. d4 exd4 4. Nxd4 Bc5 5. Nxc6 bxc6 6. Bd3 Qh4 7. Qe2 Nf6
8. h3 d5 9. g3 Qh5 10. Qxh5 Nxh5 11. g4 Nf6 12. exd5 cxd5 13. O-O h5 14. g5 Ne4
15. Bxe4 dxe4 16. Re1 Bxh3 17. Rxe4+ Be6 18. b4 O-O-O 19. Bd2 Be7 20. f4 g6 21.
Bc3 Rd1+ 22. Kf2 Rhd8 23. Na3 Rxa1 24. Bxa1 Rd2+ 25. Kg3 h4+ 0-1

[Event "Gibtelecom Masters"]
[Site "Gibraltar"]
[Date "2009.02.02"]
[Round "7.39"]
[White "Sachdev, Tania"]
[Black "Tate, Alan"]
[Result "1-0"]
[WhiteElo "2435"]
[BlackElo "2170"]
[PlyCount "81"]
[EventDate "2009.01.27"]

1. d4 Nf6 2. c4 e6 3. Nf3 c5 4. d5 d6 5. Nc3 exd5 6. cxd5 a6 7. a4 g6 8. h3 Qe7
9. Bg5 Nbd7 10. e3 h6 11. Bf4 Bg7 12. Be2 O-O 13. O-O Ne8 14. Nd2 Ne5 15. Bh2
f5 16. Qc2 Bd7 17. Qb3 Nc7 18. Qxb7 Rfc8 19. Qb3 Rab8 20. Qc2 Rb4 21. b3 g5 22.
Nc4 Rf8 23. Bxe5 Bxe5 24. Nxe5 Qxe5 25. Bc4 Bc8 26. Rae1 Ne8 27. f4 Qg7 28. Ne2
g4 29. hxg4 fxg4 30. Ng3 a5 31. Qd3 Rb7 32. e4 Rbf7 33. e5 Bf5 34. Qd2 Qg6 35.
Qc3 Rg7 36. Re3 Rgf7 37. Qxa5 Bc2 38. Qd2 Rxf4 39. Rxf4 Rxf4 40. Re2 Rf3 41.
Qxc2 1-0

[Event "Gibtelecom Masters"]
[Site "Gibraltar"]
[Date "2009.02.02"]
[Round "7.41"]
[White "Perez Ponsa, Federico"]
[Black "Perez Aleman, Pedro Tomas"]
[Result "1-0"]
[WhiteElo "2390"]
[BlackElo "2160"]
[PlyCount "105"]
[EventDate "2009.01.27"]

1. e4 e5 2. Nf3 Nc6 3. Bb5 a6 4. Ba4 Nf6 5. O-O Be7 6. Re1 d6 7. Bxc6+ bxc6 8.
d4 exd4 9. Nxd4 Bd7 10. Qf3 O-O 11. Nc3 c5 12. Nf5 Bxf5 13. Qxf5 Qd7 14. Nd5
Qd8 15. Nxe7+ Qxe7 16. Bg5 Rab8 17. b3 Rfe8 18. Bxf6 Qxf6 19. Qxf6 gxf6 20. f3
a5 21. Kf2 a4 22. Re3 Rb4 23. Rc3 Kf8 24. Rd1 Ke7 25. Rd5 Ra8 26. Rh5 Ra7 27.
Rxh7 c4 28. Rh8 c5 29. Rxc4 axb3 30. axb3 Rxc4 31. bxc4 Ra2 32. h4 Rxc2+ 33.
Kg3 Rxc4 34. h5 f5 35. h6 Rc1 36. Kh2 fxe4 37. h7 exf3 38. gxf3 Rc4 39. Kg3 Rc1
40. Ra8 Rh1 41. h8=Q Rxh8 42. Rxh8 Ke6 43. Kf4 Kd5 44. Rf8 Kd4 45. Rxf7 c4 46.
Kg5 d5 47. f4 Kc3 48. f5 d4 49. f6 d3 50. Rd7 Kc2 51. f7 d2 52. f8=Q c3 53. Qa3
1-0

[Event "Gibtelecom Masters"]
[Site "Gibraltar"]
[Date "2009.02.02"]
[Round "7.42"]
[White "Knight, Simon"]
[Black "Capo Vidal, Uriel"]
[Result "0-1"]
[WhiteElo "2148"]
[BlackElo "2336"]
[PlyCount "100"]
[EventDate "2009.01.27"]

1. d4 d5 2. Nf3 Nf6 3. Bg5 c6 4. c3 Bf5 5. Nbd2 Nbd7 6. e3 h6 7. Bh4 e6 8. Qb3
Qc8 9. Be2 Bd6 10. c4 a5 11. a4 O-O 12. O-O Ne4 13. Nxe4 Bxe4 14. Nd2 Bg6 15.
Rac1 f5 16. Bd3 Nf6 17. Bxf6 Rxf6 18. f4 Bh5 19. cxd5 exd5 20. e4 Bb4 21. Nf3
fxe4 22. Bxe4 Qe6 23. Bb1 Rxf4 24. g3 Bxf3 25. Rxf3 Rxf3 26. Qxf3 Re8 27. Rf1
Bd2 28. Kg2 Bg5 29. Bf5 Qe2+ 30. Qxe2 Rxe2+ 31. Rf2 Re7 32. Kf1 Be3 33. Re2 Kf8
34. Bc8 Rf7+ 35. Ke1 Bxd4 36. Kd1 b6 37. Kc2 Re7 38. Rxe7 Kxe7 39. b3 Kd6 40.
g4 g5 41. Kd3 Be5 42. h3 Kc5 43. Bd7 b5 44. Be8 bxa4 45. bxa4 Kd6 46. Ke3 c5
47. Kd3 c4+ 48. Ke3 Kc5 49. Bd7 Bf4+ 50. Ke2 d4 0-1

[Event "Gibtelecom Masters"]
[Site "Gibraltar"]
[Date "2009.02.02"]
[Round "7.43"]
[White "Armbrust, Florian"]
[Black "Almond, Richard J"]
[Result "1-0"]
[WhiteElo "2321"]
[BlackElo "2126"]
[PlyCount "51"]
[EventDate "2009.01.27"]

1. e4 d5 2. exd5 Qxd5 3. Nc3 Qa5 4. d4 c6 5. Bc4 Bf5 6. Bd2 e6 7. d5 cxd5 8.
Nxd5 Qd8 9. Qe2 Bd6 10. Bc3 Ne7 11. Bxg7 Nxd5 12. Bxh8 Nb4 13. Bb3 N8c6 14. g4
Bg6 15. Nf3 Qe7 16. O-O-O O-O-O 17. Bc3 Kb8 18. h4 h5 19. g5 Rc8 20. Kb1 Ka8
21. Qd2 Bc5 22. Ne5 Nxe5 23. Bxe5 Bb6 24. Bd6 Rxc2 25. Bxc2 Nxc2 26. Bxe7 1-0

[Event "Gibtelecom Masters"]
[Site "Gibraltar"]
[Date "2009.02.02"]
[Round "7.44"]
[White "Arnott, Jonathan W"]
[Black "Ashton, Adam G"]
[Result "1/2-1/2"]
[WhiteElo "2117"]
[BlackElo "2321"]
[PlyCount "198"]
[EventDate "2009.01.27"]

1. e4 e5 2. Nf3 Nc6 3. d4 exd4 4. Bc4 Nf6 5. e5 d5 6. Bb5 Ne4 7. Nxd4 Bc5 8.
Be3 Bd7 9. Bxc6 bxc6 10. O-O Qe7 11. f3 Nd6 12. f4 Nf5 13. Nxf5 Bxf5 14. Bf2
Rb8 15. Qc1 O-O 16. Nd2 f6 17. exf6 Rxf6 18. Nb3 Bb6 19. Qd2 Be4 20. Rae1 Rbf8
21. g3 Rg6 22. Bxb6 axb6 23. Qe2 Qh4 24. Qf2 Qh3 25. Re2 h5 26. Nd2 Bxc2 27.
Rc1 h4 28. Re3 hxg3 29. Rxg3 Qf5 30. Qg2 c5 31. b4 c4 32. Rxc2 Rxg3 33. hxg3
Qxc2 34. Qxd5+ Kh8 35. Nxc4 Qb1+ 36. Kg2 Qxa2+ 37. Kh3 Qe2 38. Ne5 Qh5+ 39. Kg2
Kh7 40. g4 Qe8 41. Kg3 Rf6 42. g5 Rd6 43. Qe4+ g6 44. f5 gxf5 45. Qxf5+ Kg7 46.
Nf3 Qe3 47. Qc2 c5 48. bxc5 bxc5 49. Qb2+ Kg6 50. Qb1+ Kg7 51. Qb7+ Kf8 52.
Qc8+ Ke7 53. Qc7+ Rd7 54. Qc6 Qe6 55. Qxc5+ Qd6+ 56. Qxd6+ Rxd6 57. Kf4 Kf7 58.
Kf5 Rd5+ 59. Ne5+ Ke7 60. g6 Kf8 61. Ke6 Ra5 62. Kf6 Ra6+ 63. Kg5 Kg7 64. Kf5
Rd6 65. Kg5 Rf6 66. Ng4 Rxg6+ 67. Kf5 Ra6 68. Ne5 Rf6+ 69. Ke4 Rf1 70. Kd5 Kf6
71. Ng4+ Kg5 72. Ne3 Rf8 73. Kd4 Re8 74. Nd5 Kf5 75. Ne3+ Kf4 76. Nd5+ Kf5 77.
Ne3+ Ke6 78. Ke4 Ra8 79. Nc4 Rh8 80. Ne3 Rh4+ 81. Kd3 Ke5 82. Nc4+ Kd5 83. Ne3+
Kc5 84. Nf5 Rf4 85. Ne3 Rd4+ 86. Kc3 Rd8 87. Nc2 Kd5 88. Kd3 Ke5+ 89. Ke3 Rb8
90. Kd3 Rh8 91. Kc4 Ke4 92. Nb4 Rc8+ 93. Kb5 Rc1 94. Na2 Rc8 95. Nb4 Ke5 96.
Nc6+ Kd6 97. Nb4 Rc3 98. Na2 Rc8 99. Nb4 Rb8+ 1/2-1/2

[Event "Gibtelecom Masters"]
[Site "Gibraltar"]
[Date "2009.02.02"]
[Round "7.45"]
[White "Ripari, Marcelo"]
[Black "Bates, Caspar J"]
[Result "1/2-1/2"]
[WhiteElo "2313"]
[BlackElo "2142"]
[PlyCount "90"]
[EventDate "2009.01.27"]

1. e4 e5 2. Nf3 Nc6 3. Nc3 Nf6 4. d4 exd4 5. Nxd4 Bb4 6. Nxc6 bxc6 7. Bd3 O-O
8. O-O d5 9. exd5 cxd5 10. Bg5 c6 11. Na4 Qd6 12. Bh4 Ng4 13. Bg3 Qf6 14. Be2
Nh6 15. c3 Be7 16. Bd3 Nf5 17. Bxf5 Bxf5 18. Re1 Rfe8 19. f3 Qg6 20. Qd4 h5 21.
Kh1 Kh7 22. Nc5 Bd6 23. Bxd6 Qxd6 24. b4 Bg6 25. a4 Rxe1+ 26. Rxe1 Qc7 27. a5
Rd8 28. g3 Qc8 29. Kg2 Re8 30. Rxe8 Qxe8 31. Kf2 Qe7 32. Qe3 Qc7 33. Nb3 h4 34.
Qf4 hxg3+ 35. hxg3 Qxf4 36. gxf4 Bc2 37. Nd4 Ba4 38. Ke3 Kg6 39. Ne2 Kf6 40.
Nc1 Kf5 41. Nd3 Bb5 42. Nc5 a6 43. Nb3 Ba4 44. Nc5 Bb5 45. Nb3 Ba4 1/2-1/2

[Event "Gibtelecom Masters"]
[Site "Gibraltar"]
[Date "2009.02.02"]
[Round "7.46"]
[White "Hagen, Anders Gjerdrum"]
[Black "Csonka, Attila Istvan"]
[Result "0-1"]
[WhiteElo "2110"]
[BlackElo "2289"]
[PlyCount "64"]
[EventDate "2009.01.27"]

1. d4 d5 2. Nf3 Nc6 3. Bf4 Bf5 4. e3 e6 5. c4 Nb4 6. Na3 c6 7. Be2 dxc4 8. Bxc4
Nd5 9. Bg3 Qa5+ 10. Nd2 Ngf6 11. O-O Bxa3 12. bxa3 Qxa3 13. Bb3 Bd3 14. Nc4
Bxc4 15. Bxc4 O-O 16. Qb1 b5 17. Bb3 a5 18. Rc1 Rac8 19. e4 Nb6 20. e5 Nfd5 21.
Qe4 g6 22. Bh4 Rfe8 23. Bf6 a4 24. Bxd5 Nxd5 25. Rc5 Qb2 26. Rac1 Nxf6 27. exf6
Red8 28. R5c3 Qd2 29. g3 Rxd4 30. Qf3 Rd6 31. a3 Qd5 32. Qf4 e5 0-1

[Event "Gibtelecom Masters"]
[Site "Gibraltar"]
[Date "2009.02.02"]
[Round "7.47"]
[White "Bok, Benjamin"]
[Black "Vinas Guerrero, Carlos A"]
[Result "1-0"]
[WhiteElo "2277"]
[BlackElo "2104"]
[PlyCount "101"]
[EventDate "2009.01.27"]

1. e4 e5 2. Nf3 Nc6 3. Bb5 a6 4. Ba4 d6 5. O-O Bd7 6. c3 Nf6 7. Re1 Be7 8. h3
O-O 9. d4 Re8 10. Nbd2 Bf8 11. d5 Nb8 12. Bxd7 Nbxd7 13. Nf1 c6 14. c4 cxd5 15.
cxd5 Rc8 16. Ng3 g6 17. Bg5 h6 18. Be3 Nc5 19. Bxc5 dxc5 20. b3 c4 21. Rc1 c3
22. Qd3 Qa5 23. Rc2 b5 24. Nf1 Bd6 25. Ne3 Rc7 26. Ng4 Nxg4 27. hxg4 b4 28. g3
Kg7 29. Kg2 Qb5 30. Qd1 a5 31. Rh1 f6 {(=)} 32. Rh3 Rh8 33. Rc1 Ra7 34. g5 hxg5
35. Rxh8 Kxh8 36. Nh2 Kg7 37. Ng4 Qd7 38. Qf3 Qe7 39. Ne3 Ra8 40. Nc4 Qc7 41.
Rh1 Qe7 42. Qg4 Rh8 43. Rxh8 Kxh8 44. Qc8+ Qf8 45. Qh3+ Kg7 46. Qd7+ Qe7 47.
Qc6 Bc5 48. d6 Bxd6 49. Nxd6 Qa7 50. Ne8+ Kf7 51. Qxf6+ 1-0

[Event "Gibtelecom Masters"]
[Site "Gibraltar"]
[Date "2009.02.02"]
[Round "7.48"]
[White "Malmdin, Nils-Ake"]
[Black "Obers, Frits"]
[Result "1-0"]
[WhiteElo "2256"]
[BlackElo "2107"]
[PlyCount "93"]
[EventDate "2009.01.27"]

1. e4 c5 2. Nf3 g6 3. d4 cxd4 4. Nxd4 Nc6 5. c4 Nf6 6. Nc3 Nxd4 7. Qxd4 d6 8.
Bg5 Bg7 9. Qd2 O-O 10. Bd3 a5 11. O-O a4 12. Rac1 Be6 13. Kh1 Nd7 14. f4 f6 15.
Bh4 Bh6 16. Qe2 Nc5 17. Bb1 Bd7 18. Rcd1 Bg7 19. e5 fxe5 20. Rxd6 exd6 21. Bxd8
Raxd8 22. Nd5 Rde8 23. Nc7 Rc8 24. Nd5 Rce8 25. f5 gxf5 26. Bc2 e4 27. b4 axb3
28. axb3 Ne6 29. Qd2 Nd4 30. Bd1 Re6 31. Qe3 Kh8 32. b4 Bc6 33. Nf4 Re7 34. b5
Be8 35. Nd5 Rd7 36. g4 Bg6 37. h4 Ne6 38. h5 Bd4 39. Qe1 Be8 40. Rxf5 Rxf5 41.
gxf5 Nc5 42. f6 Nd3 43. Qd2 Rf7 44. Be2 Bxf6 45. Nxf6 Rxf6 46. Qg5 Re6 47. Qf5
1-0

[Event "Gibtelecom Masters"]
[Site "Gibraltar"]
[Date "2009.02.02"]
[Round "7.49"]
[White "Hartvig, Ove Weiss"]
[Black "Collier, David O"]
[Result "1/2-1/2"]
[WhiteElo "2237"]
[BlackElo "2083"]
[PlyCount "74"]
[EventDate "2009.01.27"]

1. e4 e6 2. d4 d5 3. Nc3 h6 4. Bd3 Nc6 5. Nf3 Nb4 6. O-O Nxd3 7. Qxd3 Nf6 8.
Re1 Be7 9. exd5 exd5 10. Bf4 c6 11. Nh4 O-O 12. Nf5 Bxf5 13. Qxf5 Re8 14. Re3
Qd7 15. Qxd7 Nxd7 16. Rae1 Kf8 17. a3 Nb6 18. Rxe7 Rxe7 19. Bd6 Rae8 20. b3 Nc8
21. Bb4 a5 22. Bc5 b6 23. Bxe7+ Rxe7 24. Kf1 b5 25. a4 b4 26. Ne2 Nd6 27. Ng3
g6 28. Rxe7 Kxe7 29. Ke2 f5 30. Kd3 Ne4 31. Nh1 Nc3 32. f3 g5 33. Nf2 Kd6 34.
g4 f4 35. Kd2 Nb1+ 36. Kc1 Nc3 37. Kd2 Nb1+ 1/2-1/2

[Event "Gibtelecom Masters"]
[Site "Gibraltar"]
[Date "2009.02.02"]
[Round "7.50"]
[White "Dunn, Andrew"]
[Black "Compton, Alistair"]
[Result "1/2-1/2"]
[WhiteElo "2216"]
[BlackElo "2079"]
[PlyCount "57"]
[EventDate "2009.01.27"]

1. d4 e6 2. Nf3 d5 3. e3 c5 4. Bd3 Nf6 5. b3 Nbd7 6. Bb2 Bd6 7. O-O Qc7 8. Nbd2
e5 9. dxe5 Nxe5 10. Nxe5 Bxe5 11. Bxe5 Qxe5 12. Bb5+ Bd7 13. Bxd7+ Nxd7 14. Nf3
Qh5 15. c4 dxc4 16. bxc4 O-O-O 17. Qb3 Ne5 18. Nxe5 Qxe5 19. Qa4 Rd6 20. Rab1
Ra6 21. Qb3 Rb6 22. Qc2 Rd6 23. Qa4 Ra6 24. Qd1 f5 25. Qb3 Rb6 26. Qa4 Ra6 27.
Qb3 Rb6 28. Qa4 Ra6 29. Qb3 1/2-1/2

[Event "Gibtelecom Masters"]
[Site "Gibraltar"]
[Date "2009.02.02"]
[Round "7.52"]
[White "Dimitrijevic, Dragan"]
[Black "Kandic, Milan"]
[Result "1/2-1/2"]
[WhiteElo "2069"]
[BlackElo "2208"]
[PlyCount "144"]
[EventDate "2009.01.27"]

1. d4 d6 2. Nf3 Bg4 3. c4 Bxf3 4. gxf3 e6 5. e4 d5 6. Nc3 dxc4 7. Bxc4 c6 8.
Be3 Ne7 9. Qd2 Nd7 10. O-O-O Nf6 11. Bg5 Qa5 12. d5 O-O-O 13. d6 Ng6 14. Bxf6
gxf6 15. d7+ Kb8 16. f4 h5 17. Kb1 Qb4 18. f5 Ne5 19. Bb3 Rxd7 20. Qe2 Qe7 21.
f4 Rxd1+ 22. Rxd1 Nd7 23. Qd2 Nc5 24. Bc2 Bh6 25. b4 Na6 26. a3 e5 27. Qd6+
Qxd6 28. Rxd6 Bxf4 29. h3 Bg5 30. Rd7 Rf8 31. Bb3 Kc8 32. Rxf7 Rxf7 33. Bxf7 h4
34. Kc2 Kd7 35. Kb3 Nc7 36. a4 Ke7 37. Bc4 Bd2 38. Nd1 Ne8 39. Nf2 Nd6 40. Bd3
Nf7 41. Bf1 Be3 42. Nd3 b6 43. Nb2 Bd4 44. Nc4 Kf8 45. b5 cxb5 46. axb5 Ke7 47.
Na3 Nd8 48. Kc4 Kd6 49. Be2 Nb7 50. Nc2 Na5+ 51. Kb4 Bf2 52. Ka4 Bc5 53. Bd3
Ke7 54. Be2 Kf7 55. Ne1 Kg7 56. Nd3 Bd6 57. Bd1 Nc4 58. Bb3 Nd2 59. Bd5 Nf3 60.
Kb3 Ng1 61. Kc2 Nxh3 62. Kd1 Ng5 63. Ke2 Bc5 64. Bc6 h3 65. Kf1 Nf3 66. Nf2
Bxf2 67. Kxf2 Ng5 68. Kg3 Kf8 69. Kh2 Ke7 70. Bd5 Kd6 71. Bc4 Kc5 72. Bd3 Kd4
1/2-1/2

[Event "Gibtelecom Masters"]
[Site "Gibraltar"]
[Date "2009.02.02"]
[Round "7.53"]
[White "Kvisla, Johannes Luangtep"]
[Black "Obiamiwe, Paul"]
[Result "1/2-1/2"]
[WhiteElo "2208"]
[BlackElo "2035"]
[PlyCount "149"]
[EventDate "2009.01.27"]

1. e4 c5 2. Nc3 Nc6 3. f4 g6 4. Nf3 Bg7 5. a3 e6 6. b4 b6 7. b5 Nd4 8. e5 Bb7
9. Be2 Ne7 10. O-O d6 11. Rb1 O-O 12. Bb2 Nef5 13. Re1 Nxf3+ 14. Bxf3 Bxf3 15.
Qxf3 dxe5 16. fxe5 Nd4 17. Qe4 Qg5 18. Bc1 Rad8 19. d3 Qf5 20. Qxf5 exf5 21.
Bg5 Rd7 22. Rbc1 Re8 23. Bf4 h6 24. h4 Ne6 25. Bg3 Nd4 26. Bf4 Ne6 27. Bg3 Rc8
28. Nd1 c4 29. Nb2 cxd3 30. Nxd3 Rc3 31. a4 Bf8 32. Bf2 Rdc7 33. a5 Rb7 34.
axb6 axb6 35. Re2 Nc5 36. Nf4 Ne4 37. Nd5 Rc4 38. Nxb6 Rc5 39. Na4 Rcxb5 40. c4
Rb4 41. Ra2 Nxf2 42. Kxf2 Ra7 43. Rca1 Rxc4 44. g3 Kg7 45. Kf3 Rc6 46. g4 fxg4+
47. Kxg4 h5+ 48. Kg3 Ra5 49. Rf1 Rxe5 50. Raf2 f5 51. Nb2 Rc3+ 52. Rf3 Rxf3+
53. Rxf3 Be7 54. Nc4 Re4 55. Rf4 Rxf4 56. Kxf4 Bxh4 57. Nd6 Kf6 58. Ne8+ Ke6
59. Ng7+ Kf6 60. Ne8+ Ke6 61. Ng7+ Kf7 62. Nxf5 Be7 63. Ne3 Ke6 64. Ke4 Bd6 65.
Ng2 g5 66. Ne3 Bf8 67. Kf3 Bc5 68. Ng2 Bg1 69. Kg3 Kf5 70. Nh4+ Ke4 71. Nf3 Be3
72. Nxg5+ Bxg5 73. Kg2 Kf4 74. Kh1 Kg3 75. Kg1 1/2-1/2

[Event "Gibtelecom Masters"]
[Site "Gibraltar"]
[Date "2009.02.02"]
[Round "7.54"]
[White "Pali, Gabor"]
[Black "Bravetti, Antonio"]
[Result "0-1"]
[WhiteElo "2048"]
[BlackElo "2205"]
[PlyCount "74"]
[EventDate "2009.01.27"]

1. Nf3 c5 2. c4 Nc6 3. Nc3 g6 4. e3 Bg7 5. b3 e5 6. e4 d6 7. h3 Nge7 8. g4 O-O
9. d3 a6 10. Bd2 Rb8 11. g5 b5 12. h4 Bg4 13. Be2 Qd7 14. Nd5 Nxd5 15. cxd5
Bxf3 16. Bxf3 Nd4 17. Bg4 Qc7 18. Rc1 b4 19. Be3 Rbe8 20. h5 a5 21. Bxd4 exd4
22. hxg6 fxg6 23. Be6+ Kh8 24. Qg4 Be5 25. Ke2 Rf4 26. Qg2 Ref8 27. Rcf1 a4 28.
f3 Qa7 29. bxa4 c4 30. Rh3 cxd3+ 31. Kd2 Rb8 32. Rfh1 Rb7 33. Rh6 Rf8 34. Kxd3
Rc7 35. Qh3 Qa6+ 36. Kd2 Bf4+ 37. Ke1 Rc1+ 0-1

[Event "Gibtelecom Masters"]
[Site "Gibraltar"]
[Date "2009.02.02"]
[Round "7.55"]
[White "Suez-Panama, Gilles"]
[Black "Van Den Bersselaar, Jeroen"]
[Result "1-0"]
[WhiteElo "2032"]
[BlackElo "2191"]
[PlyCount "103"]
[EventDate "2009.01.27"]

1. d4 d5 2. Nf3 c6 3. c4 e6 4. g3 dxc4 5. Bg2 b5 6. Ne5 Bb7 7. O-O Qc7 8. a4
Nd7 9. Nxd7 Qxd7 10. b3 cxb3 11. Qxb3 Nf6 12. Rd1 Be7 13. Nc3 b4 14. Ne4 Nxe4
15. Bxe4 a5 16. Bb2 O-O 17. Rac1 Rac8 18. Qf3 Rc7 19. Qd3 h6 20. Qc4 Rfc8 21.
Bf3 Qe8 22. e4 c5 23. d5 exd5 24. exd5 Bd6 25. Qg4 Qf8 26. Rc4 Re8 27. Re4 f5
28. Rxe8 fxg4 29. Rxf8+ Kxf8 30. Bxg4 Bc8 31. Be2 Bd7 32. Bc4 Rb7 33. Bb3 c4
34. Bxc4 Bxa4 35. Ra1 Bb5 36. Bb3 Ra7 37. Ba4 Bxa4 38. Rxa4 Bc5 39. Kf1 Bb6 40.
Be5 Rd7 41. d6 Kf7 42. Ke2 Ke6 43. f4 Kd5 44. Kd3 g6 45. Ra1 Ra7 46. Rc1 a4 47.
Rc4 b3 48. Rb4 Bc5 49. Rb5 b2 50. Bxb2 a3 51. Rxc5+ Kxd6 52. Be5+ 1-0

[Event "Gibtelecom Masters"]
[Site "Gibraltar"]
[Date "2009.02.02"]
[Round "7.56"]
[White "Getz, Nicolai"]
[Black "Skage, Oystein Aagedal"]
[Result "0-1"]
[WhiteElo "2190"]
[BlackElo "1925"]
[PlyCount "69"]
[EventDate "2009.01.27"]

1. e4 e5 2. Nf3 Nc6 3. Bc4 Nf6 4. d3 Be7 5. O-O O-O 6. Bb3 d5 7. exd5 Nxd5 8.
Re1 Bf6 9. Nbd2 g6 10. Nc4 Bg4 11. c3 b5 12. Ne3 Be6 13. Nc2 a5 14. d4 a4 15.
Bxd5 Qxd5 16. Ne3 Qd8 17. d5 e4 18. Nd2 Bxd5 19. Nxd5 Qxd5 20. Nxe4 Qe6 21. Qd5
Bg7 22. Qxe6 fxe6 23. Nc5 Rfe8 24. Bg5 a3 25. Rab1 axb2 26. Ne4 Rxa2 27. Re2
Rea8 28. f3 b4 29. Rexb2 Rxb2 30. Rxb2 bxc3 31. Rc2 Nd4 32. Rf2 c2 33. Rf1 Nb3
34. Ng3 Ra1 35. Ne2 0-1

[Event "Gibtelecom Masters"]
[Site "Gibraltar"]
[Date "2009.02.02"]
[Round "7.57"]
[White "Demac, Elias"]
[Black "Walton, Alan J"]
[Result "1-0"]
[WhiteElo "1993"]
[BlackElo "2189"]
[PlyCount "85"]
[EventDate "2009.01.27"]

1. d4 e6 2. c4 f5 3. Nf3 Nf6 4. g3 Be7 5. Bg2 O-O 6. O-O d6 7. Nc3 Ne4 8. Nxe4
fxe4 9. Ne1 d5 10. Be3 Nd7 11. f3 Nb6 12. cxd5 Nxd5 13. Bd2 Bf6 14. Nc2 exf3
15. Bxf3 Ne7 16. Bc3 Ng6 17. e4 e5 18. d5 Bh3 19. Bg2 Bxg2 20. Kxg2 Be7 21. Qh5
Bc5 22. Rxf8+ Qxf8 23. Rf1 Qe7 24. Qg4 Rf8 25. Rxf8+ Qxf8 26. Qf3 Qe7 27. Qf5
c6 28. dxc6 bxc6 29. Qc8+ Qf8 30. Qxf8+ Kxf8 31. Bb4 Bxb4 32. Nxb4 Ne7 33. Nd3
Ng6 34. h4 h5 35. Nb4 Ne7 36. g4 Kf7 37. gxh5 Ke6 38. Kf3 a5 39. Nd3 Nc8 40.
Nc5+ Kf6 41. Nb7 a4 42. Nc5 Nb6 43. Kg4 1-0

[Event "Gibtelecom Masters"]
[Site "Gibraltar"]
[Date "2009.02.02"]
[Round "7.58"]
[White "Hamer, Martyn"]
[Black "Leniart, Arkadiusz"]
[Result "0-1"]
[WhiteElo "2022"]
[BlackElo "2360"]
[PlyCount "72"]
[EventDate "2009.01.27"]

1. d4 Nf6 2. c4 e6 3. Nc3 d5 4. Bg5 Be7 5. Nf3 h6 6. Bh4 O-O 7. e3 b6 8. cxd5
Nxd5 9. Bxe7 Qxe7 10. Nxd5 exd5 11. Bd3 c5 12. dxc5 bxc5 13. O-O Be6 14. Rc1
Nd7 15. Qa4 a6 16. Qa3 Qf6 17. Rfd1 Rfb8 18. Rd2 a5 19. Bb1 Rb4 20. Ne1 Ne5 21.
Rxc5 Rab8 22. Rxa5 g6 23. Bd3 Rxb2 24. Rxb2 Rxb2 25. f4 Nxd3 26. Qxd3 Qh4 27.
Qf1 Rb1 28. g3 Qh5 29. Rb5 Bh3 30. Rxb1 Bxf1 31. Kxf1 Qxh2 32. a4 Qxg3 33. Ng2
h5 34. a5 h4 35. Nxh4 Qxh4 36. a6 Qh1+ 0-1

[Event "Gibtelecom Masters"]
[Site "Gibraltar"]
[Date "2009.02.02"]
[Round "7.59"]
[White "Daoudi, Kamal"]
[Black "Fryer, David W"]
[Result "1-0"]
[WhiteElo "2209"]
[BlackElo "2080"]
[PlyCount "77"]
[EventDate "2009.01.27"]

1. e4 e5 2. Nf3 Nc6 3. d4 exd4 4. c3 d5 5. exd5 Qxd5 6. cxd4 Bb4+ 7. Nc3 Nge7
8. Be2 O-O 9. O-O Bxc3 10. bxc3 Ng6 11. c4 Qd6 12. d5 Nce7 13. Rb1 c6 14. dxc6
Qxd1 15. Rxd1 Nxc6 16. Be3 Re8 17. h3 Rb8 18. Nd4 Nxd4 19. Rxd4 Be6 20. c5 b6
21. c6 Ne7 22. c7 Rbc8 23. Bb5 Rf8 24. Bf4 Nd5 25. Rc1 Nxf4 26. Rxf4 g5 27. Rd4
Kg7 28. f3 Rh8 29. a3 h6 30. Kf2 Rhf8 31. Ra4 a5 32. Rd4 h5 33. Rd6 g4 34. hxg4
hxg4 35. Rxb6 gxf3 36. gxf3 Kf6 37. Bd7 Ke7 38. Bxc8 Rxc8 39. Rb8 1-0

[Event "Gibtelecom Masters"]
[Site "Gibraltar"]
[Date "2009.02.02"]
[Round "7.61"]
[White "Salem, Ihab"]
[Black "Cafolla, Peter"]
[Result "1-0"]
[WhiteElo "2171"]
[BlackElo "2013"]
[PlyCount "63"]
[EventDate "2009.01.27"]

1. e4 c5 2. c3 d5 3. exd5 Qxd5 4. d4 Nc6 5. Nf3 Bg4 6. Be2 e6 7. O-O Nf6 8. h3
Bh5 9. Be3 cxd4 10. cxd4 Be7 11. Nc3 Qa5 12. a3 Nd5 13. Nxd5 Qxd5 14. Rc1 O-O
15. b4 a6 16. g4 Bg6 17. Bc4 Qd8 18. d5 exd5 19. Bxd5 h5 20. Bxc6 bxc6 21. Ne5
Qxd1 22. Rfxd1 Be4 23. Nxc6 Bf6 24. Rd7 hxg4 25. hxg4 Bf3 26. g5 Bb2 27. Ne7+
Kh7 28. Rc4 g6 29. Rf4 Bh5 30. Nd5 Kg7 31. Bc5 Bc1 32. Bd4+ 1-0

[Event "Gibtelecom Masters"]
[Site "Gibraltar"]
[Date "2009.02.02"]
[Round "7.64"]
[White "Zanetti, Bruno"]
[Black "Green, Andrew D"]
[Result "0-1"]
[WhiteElo "2008"]
[BlackElo "2136"]
[PlyCount "64"]
[EventDate "2009.01.27"]

1. d4 Nf6 2. c4 g6 3. Nc3 Bg7 4. e4 d6 5. h3 O-O 6. Be3 c5 7. Nf3 Qa5 8. Qd2
cxd4 9. Nxd4 Re8 10. Be2 Nc6 11. O-O Nxd4 12. Bxd4 Nxe4 13. Nxe4 Qxd2 14. Nxd2
Bxd4 15. Bf3 Rb8 16. Rab1 Bf5 17. Ne4 b5 18. b3 Rec8 19. Rbd1 Be5 20. cxb5 Rxb5
21. g4 Be6 22. Rc1 Rbb8 23. Rxc8+ Rxc8 24. Re1 Rc2 25. Re2 Rc1+ 26. Kg2 Bc8 27.
Rd2 Bf4 28. Rd3 Ba6 29. Rd1 Rc2 30. a4 Rb2 31. Rd5 Rb1 32. Bd1 Bb7 0-1

[Event "Gibtelecom Masters"]
[Site "Gibraltar"]
[Date "2009.02.02"]
[Round "7.65"]
[White "Machin Arbelo, Pedro Alexi"]
[Black "Dasaolu, Adeoye"]
[Result "0-1"]
[WhiteElo "2134"]
[BlackElo "2024"]
[PlyCount "76"]
[EventDate "2009.01.27"]

1. e4 c5 2. Nf3 e6 3. c3 d5 4. exd5 Qxd5 5. Na3 Nc6 6. Be2 Nf6 7. O-O a6 8. Nc4
Qd8 9. d4 b5 10. Nce5 Bb7 11. Nxc6 Bxc6 12. a4 c4 13. b3 Bd5 14. bxc4 bxc4 15.
a5 Qd7 16. Qa4 Qb5 17. Bd2 Qxa4 18. Rxa4 Bc6 19. Ra2 Bb5 20. Ne5 Rc8 21. f4 g6
22. g4 Be7 23. Bd1 Ne4 24. g5 h6 25. gxh6 Rxh6 26. Bf3 Nxd2 27. Rxd2 f6 28. Ng4
Rh4 29. Re2 Kf7 30. d5 Bd7 31. h3 Rch8 32. dxe6+ Bxe6 33. Rfe1 Bc5+ 34. Kg2
Bxg4 35. hxg4 Kg7 36. Kf1 Rh3 37. Kg2 R8h4 38. Re4 Rh2+ 0-1